[Event "5th Cesme Open 2017"]
[Site "Cesme"]
[Date "2017.06.16"]
[Round "7.12"]
[White "Morchiashvili, Bachana"]
[Black "Rzayev, Askar Aliakbar"]
[Result "1-0"]
[WhiteElo "2403"]
[BlackElo "2082"]
[Annotator "RC"]
[PlyCount "91"]
[EventType "swiss"]
[EventCountry "TUR"]
[SourceTitle "playchess.com"]
[Source "ChessBase"]
[SourceQuality "1"]
[TimeControl "5400+30"]

1. d4 {[%emt 0:02:30] ]} Nf6 {[%emt 0:01:00] ]} 2. Nf3 {[%emt 0:00:30] ]} d5 {[%emt 0:00:30] ]} 3. c4 {[%emt 0:00:00] ]]} e6 {[%emt 0:00:30] ]]} 4. Nc3 {[%emt 0:00:00] ]]} Bb4 {[%emt 0:00:30] ]]} 5. e3 {[%emt 0:01:30] ]]} c5 {[%emt 0:00:30] ]]} 6. Bd3 {[%emt 0:00:30] ]]} dxc4 {[%emt 0:01:30] ]]} 7. Bxc4 {[%emt 0:00:30] ]]} cxd4 {[%emt 0:00:00] ]]} 8. exd4 {[%emt 0:00:30] ]} O-O {[%emt 0:00:00] ]]} 9. O-O {[%emt 0:00:00] ]]} b6 {[%emt 0:00:30] ]]} 10. Bg5 {[%emt 0:00:00] ]]} Bxc3 {[%emt 0:00:30] ]]} 11. bxc3 {[%emt 0:01:30] [%clk 1:29] )]} Qc7 {[%emt 0:00:30] %%} 12. Bxf6 {[%emt 0:01:30] %%} gxf6 {[%emt 0:01:30] %%} 13. Bd3 {[%emt 0:17:30] %} Bb7 {[%emt 0:04:30] %%} 14. Re1 {[%emt 0:01:30]} Nd7 {[%emt 0:00:30]} 15. c4 {[%emt 0:14:30]} Qf4 {[%emt 0:03:30]} 16. d5 {[%emt 0:02:30]} Nc5 {[%emt 0:01:30]} 17. Nd4 {[%emt 0:03:30]} Rad8 {[%emt 0:03:30]} 18. Re3 {[%emt 0:02:30]} f5 {[%emt 0:11:30]} 19. Bc2 {[%emt 0:06:30]} Kh8 {[%emt 0:09:30]} 20. Qd2 {[%emt 0:01:30]} Qh6 {[%emt 0:00:30]} 21. Rae1 {[%emt 0:01:30]} Qf6 {[%emt 0:02:30]} 22. Re5 {[%emt 0:19:30]} Nd7 {[%emt 0:01:30]} 23. R5e2 {[%emt 0:00:30]} Nc5 {[%emt 0:00:30]} 24. Re5 {[%emt 0:05:36] kk} Nd7 {[%emt 0:00:30] ]} 25. R5e2 {[%emt 0:00:18] kk} Nc5 {[%emt 0:00:00] 6]} 26. Qf4 {[%emt 0:00:51] k} Rg8 {[%emt 0:01:00] 4 [%clk 0:46:0]} 27. f3 {[%emt 0:10:17] c} exd5 {[%emt 0:09:30] ]} 28. cxd5 {[%emt 0:00:30] c} Bxd5 {[%emt 0:00:30] 8} 29. Nxf5 {[%emt 0:00:30]} Bxa2 {[%emt 0:00:30] 5 [%clk 0:40:0]} 30. Qc1 {[%emt 0:02:59]} Be6 {[%emt 0:06:30]} 31. Ng3 {[%emt 0:00:30]} Nd3 {[%emt 0:01:30]} 32. Bxd3 {[%emt 0:00:40]} Rxd3 {[%emt 0:00:30]} 33. Re5 {[%emt 0:00:00]} Rd5 {[%emt 0:03:30]} 34. Nh5 {[%emt 0:01:09]} Qxf3 {[%emt 0:09:30]} 35. Qb2 {[%emt 0:00:06]} Rxe5 {[%emt 0:02:30]} 36. Qxe5+ {[%emt 0:00:41]} f6 {[%emt 0:00:30]} 37. Qxf6+ {[%emt 0:00:00]} Qxf6 {[%emt 0:00:30]} 38. Nxf6 {[%emt 0:00:04]} Rg6 {[%emt 0:02:30]} 39. Rxe6 {[%emt 0:00:09]} Kg7 {[%emt 0:00:00]} 40. Ne8+ {[%emt 0:01:03]} Kf7 {[%emt 0:01:00]} 41. Rxg6 {[%emt 0:00:30]} Kxg6 {[%emt 0:02:30]} 42. Kf2 {[%emt 0:00:53]} a5 {[%emt 0:05:55]} 43. Nd6 {[%emt 0:02:10]} a4 {[%emt 0:00:25]} 44. Nb5 {[%emt 0:00:07]} Kf5 {[%emt 0:00:55]} 45. Ke3 {[%emt 0:00:28]} Kg4 {[%emt 0:05:18]} 46. Ke4 {[%emt 0:00:07]} 1-0

[Event "5th Cesme Open 2017"]
[Site "Cesme"]
[Date "2017.06.16"]
[Round "7.13"]
[White "Grigoriev, Armen"]
[Black "Yildiz, Betul Cemre"]
[Result "1/2-1/2"]
[WhiteElo "2105"]
[BlackElo "2350"]
[Annotator "TA"]
[PlyCount "36"]
[EventType "swiss"]
[EventCountry "TUR"]
[SourceTitle "playchess.com"]
[Source "ChessBase"]
[SourceQuality "1"]

{[%evp 13,36,19,31,0,0,4,5,0,0,0,0,6,11,0,4,-16,9,0,0,-18,0,-14,6,-17,14]} 1. c4 e5 2. Nf3 Nc6 3. d4 Bb4+ (3... d6 4. Nc3 g6 5. e3 Bg7 6. Be2 exd4 7. Nxd4 Nxd4 8. exd4 Ne7 9. O-O O-O 10. Re1 Nf5 11. d5 Nd4 12. Bd3 Bd7 13. Ne2 Qh4 {0-1 (46) Rakhmanov,A (2667)-Andreikin,D (2737) Tallinn 2016}) 4. Bd2 exd4 5. Nxd4 Bxd2+ 6. Qxd2 {A20: English Opening: 1...e5} Nxd4 7. Qxd4 Qf6 {LiveBook: 3 Games} 8. Qxf6 {White is slightly better.} (8. Qd2 {seems wilder.} Qb6 9. Nc3 Nf6 10. e3 d6 11. Be2) 8... Nxf6 {The position is equal.} 9. Nc3 d6 10. e3 $146 ({Predecessor:} 10. e4 Be6 11. f3 O-O-O 12. O-O-O c6 {½-½ (25) Shainswit,G-Seidman,H Hamilton 1941}) 10... Be6 11. Rd1 O-O-O 12. Nd5 Nd7 13. Be2 Rhe8 14. O-O Bf5 15. Rd2 Nc5 16. Rc1 (16. b4 $5 {[%cal Rb4c5]} Ne4 17. Rd3 $11) 16... c6 17. Nc3 Kc7 18. Rcd1 (18. b4 $5 {[%cal Rb4c5]} Ne4 19. Nxe4 Bxe4 20. b5 $11) 18... Ne4 {Precision: White = 36%, Black = 69%.} 1/2-1/2

[Event "5th Cesme Open 2017"]
[Site "Cesme"]
[Date "2017.06.16"]
[Round "7.14"]
[White "Garabetyan, Arno"]
[Black "Guseynov, Alihan"]
[Result "0-1"]
[WhiteElo "2086"]
[BlackElo "2346"]
[Annotator "TA"]
[PlyCount "130"]
[EventType "swiss"]
[EventCountry "TUR"]
[SourceTitle "playchess.com"]
[Source "ChessBase"]
[SourceQuality "1"]

{[%evp 11,130,9,16,10,10,-14,-6,-19,-13,-14,-10,-14,-14,-14,-14,-14,-14,-14,-10,-22,0,-39,-43,-72,-70,-59,0,-16,0,-18,0,0,0,0,0,-6,-7,-14,-7,-17,-9,-6,-6,-16,-9,-15,-8,-26,-3,-3,0,0,0,-3,0,0,0,0,0,-12,0,-160,-126,-384,-402,-511,-509,-492,-495,-474,-468,-764,-789,-750,-746,-665,-568,-611,-602,-833,-740,-639,-627,-572,-546,-1008,-881,-4158,-2827,-29954,-29955,-29955,-29956,-12012,-5097,-29954,-3779,-605,-533,-29968,-29969,-29970,-29969,-29969,-29969,-29969,-29967,-29971,-29971,-29970,-29972,-29975,-29975,-29975,-29977,-29978,-29980,-29981,-29982,-29983,-29984]} 1. Nf3 g6 2. g3 Bg7 3. c4 c5 4. Bg2 Nc6 5. Nc3 d6 6. O-O Bf5 7. a3 {A37: Symmetrical English vs ...g6: 4 Bg2 Bg7 5 Nf3} (7. h3 Rb8 8. d3 Nf6 9. Be3 O-O 10. Qd2 a6 11. Bh6 b5 12. Nd5 Re8 13. Bxg7 Kxg7 14. Nxf6 exf6 {0-1 (79) Kuzubov,Y (2637)-Anton Guijarro,D (2660) Minsk 2017}) 7... Qd7 8. Qa4 (8. b4 $5) 8... Nf6 $146 ({Predecessor:} 8... Bh3 9. Bxh3 Qxh3 10. Nd5 Rc8 11. d4 b6 12. dxc5 bxc5 13. Rb1 Qd7 14. b4 cxb4 15. axb4 {1-0 (70) Sipos,I (2464)-Bagi,M (2368) Hungary 2014}) 9. d3 {The position is equal.} Bh3 10. Bd2 h5 11. Bxh3 Qxh3 12. Ng5 Qd7 13. h4 $1 Nd4 14. Qd1 O-O 15. b4 d5 16. bxc5 dxc4 17. dxc4 Rfd8 18. Ra2 {[%cal Ba1a2,Ba2b2,Bb2b4][%mdl 32]} Qg4 (18... Qc6 $15) 19. Rb2 Ne6 {And now ...Nxg5 would win.} 20. Qc2 Nxg5 21. Bxg5 Qxc4 22. Bxf6 exf6 23. Ne4 Qd5 24. Rb4 $1 f5 {[#] ...a5 is the strong threat.} 25. Ng5 $1 Rac8 26. Qb3 Rc7 27. Rb1 {[%cal Rb4b7]} Qxb3 28. R1xb3 Rdd7 29. e4 fxe4 (29... f4 $5 30. gxf4 Bf8 $15) 30. Nxe4 Rd4 31. Ng5 Rdd7 32. Ne4 Be5 33. Kg2 Kf8 34. f4 Ba1 35. Kf3 (35. Rb1 $5 {[%cal Rb1a1]} Bd4 36. Rd1 $11) 35... Kg7 36. Nd6 $2 (36. Rb1 $11 Bc3 37. Ra4) 36... Rxc5 $17 37. Nxb7 $2 {[%mdl 8192]} (37. Rd3 $17 {was necessary.} Rc3 38. Rxc3 Bxc3 39. Rb3) 37... Rc2 $19 38. Na5 Bd4 39. g4 hxg4+ 40. Kxg4 Bc3 {[#] ( -> ...f5+)} 41. Rb7 (41. Kf3 $142 Bxb4 42. axb4) 41... Rd3 {[%cal Rc2g2]} 42. f5 Rd4+ 43. Kf3 Bxa5 44. fxg6 Kxg6 45. Rxa7 Rc3+ 46. Rxc3 Bxc3 {[%mdl 4096] Endgame KRB-KR} 47. h5+ Kf6 48. a4 Rh4 49. a5 Rxh5 50. a6 Ra5 51. Ke4 Be1 52. Ra8 Bf2 53. Kf3 Bb6 (53... Bd4 $142 54. Ke4 Bc5 55. Rc8 Ba7 56. Rh8 Ke6 57. Re8+ Kf6 58. Rh8 Ke6 59. Re8+ Kf6 60. Rh8) 54. Ke4 Ra4+ 55. Kf3 Kf5 {Black mates.} 56. Ke2 f6 {[%cal Bf7f6,Bf6f5,Bf5f4][%mdl 32]} 57. Kd3 Ra3+ 58. Kc4 Bf2 59. Kb5 Kf4 60. Rh8 f5 61. Rc8 Kf3 62. Rg8 f4 63. Rg6 Ke2 64. Rc6 Be3 65. Kb4 Ra1 {Precision: White = 34%, Black = 62%.} 0-1

[Event "5th Cesme Open 2017"]
[Site "Cesme"]
[Date "2017.06.16"]
[Round "7.15"]
[White "Maden, Mirac Kerem"]
[Black "Ozen, Bahadir"]
[Result "0-1"]
[WhiteElo "1879"]
[BlackElo "2332"]
[Annotator "TA"]
[PlyCount "44"]
[EventType "swiss"]
[EventCountry "TUR"]
[SourceTitle "playchess.com"]
[Source "ChessBase"]
[SourceQuality "1"]

{[%evp 17,44,23,48,0,0,-140,-147,-147,-147,-146,-139,-139,-141,-179,-132,-158,-147,-431,-439,-431,-398,-649,-502,-585,-585,-585,-584,-692,-697]} 1. d4 g6 2. Nf3 Bg7 3. c4 d6 4. Nc3 e5 5. e4 exd4 6. Nxd4 Nc6 7. Be3 Nge7 8. Be2 O-O 9. O-O f5 10. exf5 {A42: Modern Defence: Averbakh Variation} Bxd4 11. fxg6 (11. Bxd4 $11 Nxf5 12. Be3) (11. Bxd4 Nxf5 12. Nb5 a6 13. Bc3 axb5 14. cxb5 Nce7 15. g4 Ng7 16. Qd4 Rf7 17. Bc4 d5 18. Rae1 Bxg4 19. Bb3 Bh3 20. Re5 Bxf1 21. Rxd5 Nxd5 22. Bxd5 Kh8 23. Kxf1 Rd7 {0-1 (23) Gledura,B (2557)-Stupak,K (2535) Katowice 2016}) 11... Bxe3 12. gxh7+ {[#]Black is clearly better.} Kh8 $1 13. fxe3 Bf5 14. Qe1 $146 ({Predecessor:} 14. Bd3 Qd7 15. Bxf5 Nxf5 16. Nd5 Ne5 17. e4 Ng7 {0-1 (47) Clery,N (2241)-Abolianin,A (2384) Le Touquet 2000}) 14... Bxh7 15. Qh4 Ng6 16. Qh6 Nce5 17. Bh5 $2 {[%mdl 8192] [#]} (17. b3 $17) 17... Nf7 $19 18. Rxf7 Rxf7 19. Ne4 $2 (19. Bxg6 Qf6 20. g3) 19... Qf8 {Black is clearly winning.} 20. Qg5 Rf5 21. Qg4 Ne5 22. Qh3 Qh6 {Precision: White = 18%, Black = 97%.} 0-1

[Event "5th Cesme Open 2017"]
[Site "Cesme"]
[Date "2017.06.16"]
[Round "7.16"]
[White "Yassibag, Ipek Asli"]
[Black "Malakhatko, Vadim"]
[Result "0-1"]
[WhiteElo "1786"]
[BlackElo "2518"]
[Annotator "TA"]
[PlyCount "64"]
[EventType "swiss"]
[EventCountry "TUR"]
[SourceTitle "playchess.com"]
[Source "ChessBase"]
[SourceQuality "1"]

{[%evp 9,64,-62,-23,-50,-16,-25,-7,-4,3,-12,-13,-9,-4,-10,18,-21,3,-7,0,0,25,6,12,-33,-33,-110,-96,-116,-56,-52,-36,-50,-43,-101,-75,-97,-66,-72,-68,-73,-73,-73,-55,-65,-71,-76,-63,-55,-62,-172,-166,-295,-218,-206,-184,-993,-983]} 1. c4 e5 2. e4 Nc6 3. g3 Bc5 4. Bg2 d6 5. Ne2 Nge7 (5... f5 6. d3 fxe4 7. dxe4 Nf6 8. O-O Be6 9. b3 Qd7 10. Nbc3 a6 {0-1 (44) Guglielmi,R (2147)-Hansen,S (2597) Lund 2016}) 6. O-O {C20: 1 e4 e5: Unusual White second moves} O-O (6... h5 $5 {[%cal Rh5h4]} 7. h3 f5 $15) 7. d3 f5 8. Nbc3 {The position is equal.} a6 $146 ({Predecessor:} 8... Nd4 9. Nxd4 Bxd4 10. Ne2 Bb6 11. Be3 fxe4 12. Bxe4 {0-1 (26) Pokojski,P (2030)-Lobzhanidze,D (2485) Dresden 2002}) 9. a3 Ba7 10. Kh1 fxe4 11. Nxe4 Kh8 12. b4 Nd4 13. Nxd4 Bxd4 14. Ra2 d5 15. cxd5 Nxd5 16. Bg5 Qe8 17. Nd6 (17. Rc2 $15) 17... cxd6 $17 18. Bxd5 Be6 (18... a5 $17 {...Bh3 is the strong threat.} 19. Be3 Bh3) 19. Bxe6 $15 Qxe6 20. Rc2 Qd5+ 21. f3 (21. Kg1 $15) 21... h6 22. Bc1 Rac8 23. Kg2 $1 Qe6 $36 {[%mdl 2048] White must now prevent ...Rxc2+. Black fights for an advantage.} 24. Re2 Rc7 25. Bb2 Bxb2 26. Rxb2 Rc3 {[%cal Bc7c3,Bc3b3,Bb3b4][%mdl 32]} 27. a4 Qd5 28. Rd2 Rb3 29. d4 ({White should play} 29. b5 $15) 29... e4 $19 ({Inferior is} 29... Rxb4 30. dxe5 Qxe5 31. Rxd6 $11) 30. Rdf2 (30. fxe4 $142 Qxe4+ 31. Kh3 Qe6+ 32. Kg2 Qd5+ 33. Kh3 Rxf1 34. Qxf1) 30... Rxb4 31. fxe4 Qxe4+ 32. Kg1 $2 {[#]} (32. Kh3 Qe6+ 33. Kg2 Qe4+ 34. Kh3 Rxf2 35. Rxf2) 32... Rxf2 {Precision: White = 35%, Black = 53%.} 0-1

[Event "5th Cesme Open 2017"]
[Site "Cesme"]
[Date "2017.06.16"]
[Round "7.17"]
[White "Aydincelebi, Kagan"]
[Black "Arat, Ufuk Sezen"]
[Result "0-1"]
[WhiteElo "1992"]
[BlackElo "2398"]
[Annotator "ChessBase"]
[PlyCount "96"]
[EventType "swiss"]
[EventCountry "TUR"]
[SourceTitle "playchess.com"]
[Source "ChessBase"]
[SourceQuality "1"]
[TimeControl "5400+30"]

1. e4 {[%emt 0:00:30] ]} c6 {[%emt 0:06:00] ]} 2. d4 {[%emt 0:00:00] ]} d5 {[%emt 0:00:30] ]} 3. exd5 {[%emt 0:00:00] ]} cxd5 {[%emt 0:00:00] ]} 4. c4 {[%emt 0:00:00] ]} Nf6 {[%emt 0:00:00] ]} 5. Nc3 {[%emt 0:00:00] ]]} Nc6 {[%emt 0:00:30] ]]} 6. Bg5 {[%emt 0:01:30] ]]} Be6 {[%emt 0:00:00] ]]} 7. Be2 {[%emt 0:00:30] ]]} Qa5 {[%emt 0:00:00] ]]} 8. Bf1 {[%emt 0:00:30] ]]} Qd8 {[%emt 0:00:30] [%clk 1:27]]} 9. Be2 {[%emt 0:02:30] [%} Qa5 {[%emt 0:00:30] [%} 10. Bxf6 {[%emt 0:15:30]} gxf6 {[%emt 0:03:30]} 11. Nf3 {[%emt 0:10:30]} Bh6 {[%emt 0:26:30]} 12. O-O {[%emt 0:04:30]} O-O {[%emt 0:08:30]} 13. c5 {[%emt 0:10:30]} b6 {[%emt 0:06:30]} 14. cxb6 {[%emt 0:00:00]} axb6 {[%emt 0:00:30]} 15. a3 {[%emt 0:01:00]} Qa7 {[%emt 0:02:30]} 16. Bd3 {[%emt 0:02:30] ]} Qd7 {[%emt 0:01:30] ]} 17. h3 {[%emt 0:06:30] ]} Bf5 {[%emt 0:09:30]} 18. Nh4 {[%emt 0:04:30] ]} Bxd3 {[%emt 0:00:30] ]} 19. Qxd3 {[%emt 0:00:30] ]} e6 {[%emt 0:00:30] ]} 20. f4 {[%emt 0:03:30] ]} f5 {[%emt 0:03:30] ]} 21. Kh1 {[%emt 0:03:30] [%clk 0:23] )} Qd8 {[%emt 0:06:30] %} 22. g3 {[%emt 0:09:30] %} Kh8 {[%emt 0:00:30] %} 23. Nf3 {[%emt 0:00:30] %} Na5 {[%emt 0:00:30] %} 24. Rfe1 {[%emt 0:00:30] %} Nc4 {[%emt 0:00:30]} 25. Re2 {[%emt 0:00:30]} Nd6 {[%emt 0:00:30]} 26. Rc2 {[%emt 0:02:30] [%clk 0:17.30]} Rg8 {[%emt 0:02:30]} 27. Kh2 {[%emt 0:04:00]} Qe8 {[%emt 0:00:30]} 28. Ne2 {[%emt 0:00:30]} f6 {[%emt 0:00:30]} 29. Qb3 {[%emt 0:00:36]} Ne4 {[%emt 0:03:43]} 30. Rg1 {[%emt 0:01:36]} Qh5 {[%emt 0:01:05]} 31. Qe3 {[%emt 0:00:51]} Rg6 {[%emt 0:08:29]} 32. Rgc1 {[%emt 0:01:39]} Rag8 {[%emt 0:01:20]} 33. Rc8 {[%emt 0:00:58]} Bf8 {[%emt 0:00:18]} 34. Rg1 {[%emt 0:00:52]} Rh6 {[%emt 0:00:43]} 35. Nh4 {[%emt 0:01:02]} Qf7 {[%emt 0:04:40]} 36. Nf3 {[%emt 0:00:39]} Nd6 {[%emt 0:00:13]} 37. Rc6 {[%emt 0:00:25]} b5 {[%emt 0:00:26]} 38. b3 {[%emt 0:02:53]} Ne4 {[%emt 0:00:11]} 39. a4 {[%emt 0:00:09]} bxa4 {[%emt 0:00:21]} 40. bxa4 {[%emt 0:00:30]} Qh5 {[%emt 0:03:08]} 41. h4 {[%emt 0:06:38]} Bd6 {[%emt 0:00:57]} 42. Rg2 {[%emt 0:02:43]} Qe8 {[%emt 0:00:06]} 43. Qc1 {[%emt 0:00:28]} Qa8 {[%emt 0:00:42]} 44. Nd2 {[%emt 0:00:37]} Ba3 {[%emt 0:00:57]} 45. Qxa3 {[%emt 0:02:05]} Qxc6 {[%emt 0:00:02]} 46. Nxe4 {[%emt 0:00:07]} fxe4 {[%emt 0:00:15]} 47. Nc3 {[%emt 0:00:06]} Rhg6 {[%emt 0:00:17]} 48. a5 {[%emt 0:00:12]} R6g7 {[%emt 0:00:58]} 0-1

[Event "5th Cesme Open 2017"]
[Site "Cesme"]
[Date "2017.06.16"]
[Round "7.18"]
[White "Kara, Yanki"]
[Black "Rahmanov, Shahriyar"]
[Result "0-1"]
[WhiteElo "1946"]
[BlackElo "2353"]
[Annotator "TA"]
[PlyCount "120"]
[EventType "swiss"]
[EventCountry "TUR"]
[SourceTitle "playchess.com"]
[Source "ChessBase"]
[SourceQuality "1"]

{[%evp 9,120,-5,27,10,0,0,6,10,2,15,10,-3,0,0,0,0,12,-17,0,0,0,0,0,0,0,0,0,0,0,0,0,0,0,-18,0,0,0,0,7,0,30,0,0,0,0,0,0,0,0,0,0,0,0,0,0,-16,0,0,0,0,0,-18,0,-8,0,0,0,0,0,0,0,0,0,0,117,-14,0,0,0,0,0,0,0,-2,0,-13,0,-33,-28,-33,-50,-81,-83,-75,-67,-129,-65,-64,-127,-315,-34,-552,-420,-430,-431,-422,-425,-737,-651,-1904,-1795,-2845,-2685]} 1. Nf3 g6 2. d4 Bg7 3. g3 Nf6 4. Bg2 O-O 5. b3 (5. O-O d5 6. Nbd2 a5 7. b3 a4 8. Ba3 Ne4 9. Nxe4 dxe4 10. Ne5 f6 11. Nc4 f5 12. e3 Nc6 13. f4 b5 14. Ne5 Bxe5 15. fxe5 {1-0 (45) Vachier Lagrave,M (2811)-Ragger,M (2700) Germany 2017}) 5... a5 6. a4 {A49: 1 d4 Nf6 2 Nf3 g6 3 g3: Anti-King's Indian systems} c5 $146 ({Predecessor:} 6... d5 7. O-O c5 8. c3 Nc6 9. Re1 Bf5 10. Ba3 cxd4 11. cxd4 {0-1 (90) Martinez,J (2215)-Gallego Alcaraz,A (2410) Pamplona 2012}) 7. Bb2 cxd4 8. Nxd4 {The position is equal.} ({Don't blunder} 8. Qxd4 $2 Nh5 $19) 8... Nc6 9. O-O d5 {[%cal Bd7d5,Bd5d4,Bd4d3][%mdl 32]} 10. Na3 Re8 11. c4 e5 12. Ndb5 {[%cal Rc4d5]} d4 13. e3 {[%cal Re3d4]} d3 (13... Bg4 $5 {[%cal Rg4d1]} 14. f3 Bf5 $14) 14. e4 Nb4 15. Nc3 Bg4 16. f3 Bd7 17. Bc1 Qb6+ 18. Kh1 Rac8 19. Re1 Qd4 20. Bd2 Bf8 21. Rc1 Qb6 22. Be3 Bc5 23. Qd2 Red8 24. Bf1 Be8 25. Bxc5 Qxc5 26. Red1 Bd7 27. Nab5 Bxb5 28. Nxb5 Kg7 29. Nc3 Qd4 30. Nb5 Qb6 31. Rb1 Nd7 (31... h5 {looks sharper.} 32. h4 Rc6 33. Nc3 Qd4 34. Kg2 Nc2) 32. Bh3 Rc6 33. Bxd7 Rxd7 34. Nc3 Rd4 35. Nb5 Rd8 36. Nc3 Rf6 37. Rf1 Qd4 38. Nb5 Qc5 39. Nc3 Qd4 40. Nb5 Qb6 41. Nc3 Rc8 (41... Qd4 $11 {keeps the balance.}) 42. Nb5 (42. Nd5 $16 Qd8 43. Nxf6 Qxf6 44. f4) 42... h6 43. Nc3 Qd4 44. Rbd1 Rb6 45. Nb5 Qc5 46. Rb1 f5 47. Nc3 Qd4 48. Rbd1 (48. Nb5 $5 {[%cal Rb5d4]} Qd7 49. Nc3 $11) 48... Rf8 49. exf5 gxf5 50. Nb5 Qc5 $1 51. Qc3 Kh7 52. Qd2 (52. Rxd3 $1 $15 Nxd3 53. Qxd3) 52... e4 $1 $36 {[%cal Re4e3][%mdl 2048] Black is more active.} 53. fxe4 fxe4 54. Qg2 $2 (54. Rxf8 $17 Qxf8 55. Qe3) 54... Re6 $2 {[#]} ({Better is} 54... Rxf1+ $1 $19 55. Rxf1 Re6) 55. Qh3 $2 {[%mdl 8192]} (55. Nd4 $1 $15 {[%mdl 512]} Ree8 (55... Qxd4 56. Rxf8) 56. Rxf8 Qxf8 57. Rf1) 55... Rxf1+ 56. Rxf1 {[#]} Re7 $1 {Black is clearly winning.} 57. Nc3 {Strongly threatening Rf6.} Qe5 58. Qh4 (58. Rf4 $142 d2 59. Qg4) 58... Qg5 $19 59. Qh3 e3 {[%cal Be4e3,Be3e2][%mdl 32]} 60. Qc8 e2 {Precision: White = 59%, Black = 59%.} 0-1

[Event "5th Cesme Open 2017"]
[Site "Cesme"]
[Date "2017.06.16"]
[Round "7.19"]
[White "Kaya, Emel"]
[Black "Eminov, Orkhan"]
[Result "0-1"]
[WhiteElo "1928"]
[BlackElo "2290"]
[Annotator "TA"]
[PlyCount "164"]
[EventType "swiss"]
[EventCountry "TUR"]
[SourceTitle "playchess.com"]
[Source "ChessBase"]
[SourceQuality "1"]

{[%evp 32,164,58,53,58,43,60,49,39,41,52,12,37,0,40,0,0,-32,-25,0,0,0,0,0,6,9,7,-39,-33,-87,-85,-58,-62,-66,-60,-66,-60,-131,-42,-43,-47,-45,0,-13,0,-8,0,0,20,20,7,19,29,21,116,53,72,72,90,12,15,10,21,20,15,0,20,0,19,0,91,39,133,-28,-24,-160,-143,-108,-112,-187,-121,-305,-305,-297,-289,-289,-289,-575,-572,-507,-494,-421,-490,-363,-265,-1772,-1607,-1285,-258,-1019,-206,-501,-483,-788,-578,-615,-592,-580,-567,-727,-485,-1322,-1635,-1478,-741,-29977,-29977,-29973,-1660,-29970,-29968,-29962,-29970,-29974,-29975,-29972,-29976,-29976,-29977,-29983,-29984,-29984,-29985,-29985,-29986]} 1. e4 c5 2. Nf3 g6 3. d4 cxd4 4. Nxd4 Nc6 5. c4 Bg7 6. Be3 Nf6 7. Nc3 d6 8. Be2 O-O 9. O-O Bd7 10. Qd2 Nxd4 11. Bxd4 Bc6 12. f3 Nd7 13. Be3 a5 14. b3 Nc5 15. Rab1 Qb6 16. Rfc1 Rfc8 17. Rc2 h5 {B38: Sicilian: Maroczy Bind with 5...Bg7 and 7...0-0} 18. Kh1 Kh7 19. a3 Qd8 {White is slightly better.} 20. Bf1 Qh8 {[#]} 21. Ne2 $146 ({Predecessor:} 21. Nd5 Bxd5 22. Qxd5 Qe8 23. b4 axb4 24. axb4 Na4 25. Qd2 {0-1 (72) Areshchenko,A (2673)-Savchenko,B (2654) Budva 2009}) 21... Be5 22. Bg5 e6 23. b4 (23. Nc3 $14) 23... axb4 $15 24. axb4 Nxe4 $1 25. fxe4 Bxe4 26. Ng1 {aiming for Bd3.} Ra3 {[#]} 27. Nf3 $1 Bxc2 (27... Bxf3 28. gxf3) 28. Qxc2 Rca8 29. Qe4 (29. Qf2 $5 {[%cal Rf3e5]} Ra2 30. Qb6 $11) 29... Ra1 $1 30. g3 ({White should play} 30. Rxa1 $15 Rxa1 31. Kg1) 30... d5 $36 {[%mdl 2048] Black is in control.} 31. Qc2 R8a2 32. Qd1 $1 Bg7 {Hoping for ...dxc4.} 33. Rxa1 Rxa1 34. Qd3 (34. Qe2 $1 $15) 34... dxc4 (34... e5 $1 $17 {[%cal Re5e4]} 35. Be3 Bf6) 35. Qxc4 $15 Qa8 36. Kg2 b6 37. Be2 Ra3 38. Bd2 Qb7 39. b5 Bf6 40. Qc6 Qb8 41. Bf4 Qa7 42. Qc7 e5 (42... Kg7 $11 {remains equal.}) 43. Qxa7 (43. Bxe5 $16 Bxe5 44. Qxe5) 43... Rxa7 $14 {[#]} 44. Be3 $1 Rb7 45. Ng5+ (45. Bc4 $16) 45... Kg7 $11 46. Ne4 {Threatening Nd6.} Be7 47. Nc3 f5 48. Nd5 Bd8 49. Nb4 Rd7 50. Bc4 g5 (50... Ra7 $11) 51. Nc6 (51. Be6 $16 Ra7 52. Bxf5) 51... f4 (51... Bf6 $1 $14) 52. Nxd8 $2 (52. Nxe5 $16 Rd1 53. gxf4 gxf4 54. Bf2 (54. Bxf4 Rd4 $16)) 52... fxe3 53. Nc6 {[#]} (53. Ne6+ $11 {was the only way to keep the balance.} Kf6 54. Kf3) 53... e4 $1 $17 {And now ...Rd2+ would win.} 54. Kf1 Rd2 55. Be2 (55. h4 $17 {keeps fighting.}) 55... Kf6 ({Better is} 55... g4 $19 56. Ne5 Rb2) 56. h3 $2 (56. Bxh5 $17 {was necessary.} Rxh2 57. Bg4) 56... h4 $19 57. gxh4 gxh4 58. Ke1 Rb2 59. Nd4 $2 (59. Bd1) 59... Ke5 60. Nc6+ Kf4 61. Nd4 Rb4 62. Ne6+ Kg3 63. Bf1 $2 (63. Bg4 Rxb5 64. Ke2) 63... Kh2 64. Nf4 Rb1+ 65. Ke2 Rb3 $2 (65... Kg1 66. Ng6 Rxb5 67. Nxh4 Rb2+ 68. Kxe3 Kxf1) 66. Ke1 $2 (66. Ng6 {is the only way for White.}) 66... Rb2 67. Nd5 (67. Be2 $142 Kg3 68. Nd5) 67... Rb1+ 68. Ke2 Rxb5 69. Nxe3 Kg3 70. Ke1 Rb1+ 71. Nd1 (71. Ke2 $142 b5 72. Nf5+ Kf4 73. Nxh4) 71... b5 72. Kd2 b4 73. Kc2 Ra1 74. Bc4 Ra3 (74... Rxd1 $142 75. Kxd1 Kf2 76. Bf7 e3 77. Bh5 b3 78. Bg4 b2 79. Kc2 e2 80. Kxb2 e1=Q 81. Kc2 Qe3 82. Bd1 Qxh3 83. Kb2 Qd3 84. Ba4 Qd4+ 85. Kb3 h3 86. Be8 Qe3+ 87. Kb4 Qxe8 88. Kc5 h2 89. Kd4 h1=Q 90. Kc5 Qhc6+ 91. Kb4 Qb8+ 92. Ka5 Qbb6#) 75. Be6 e3 {Black mates.} 76. Bg4 Kf4 77. Nb2 Rc3+ 78. Kd1 b3 {[%cal Bb4b3,Bb3b2][%mdl 32]} 79. Be2 Kg3 80. Bf1 Rc2 81. Nd3 Rd2+ 82. Ke1 b2 {Precision: White = 29%, Black = 55%.} 0-1